000
00304nam a2200121Ia 4500
008
180117s9999 xx 000 0 und d
100
_a
by Sol Vanzi
245
_a
Tripping Back in Time
260
_c
2017
300
_a
12-14 pages, 2017 February 5
440
_a
Philippine Panorama
650
_a
TRIPPING
999
_c
353462
_d
353462